000 00888nam a2200277 a 4500
008
049 _aMAIN
090 _aHB501
_bMAR
100 _aMarx, Karl.
245 1 0 _aKarl Marx and Frederick Engels selected works in two volumes, Vol. II /
_cKarl Marx and Frederick Engels.
260 _aMoscow :
_bForeign Languages Publishing House,
_c1962.
300 _a1st ed.
300 _a2 v. 531 p. ;
_c23 cm.
504 _aIncludes bibliographical references.
500 _aIncludes index.
500 _aCover title: Karl Marx--Capital.
650 _aCapitalism.
650 _aSocialism
_xCollected works.
700 _aEngels, Frederick.
710 _aInstitut marksizma-leninizma (Moscow, Russia)
907 _a.b10218427
_b24-09-15
_c01-11-06
003
005 20230123134259.0
040 _cNUST
942 _cBOOKS
_kHB501
_mMAR
999 _c163165
_d163165